00499 2200193 4500001002100000005001500021035002000036245005800056100002700114250000700141300003000148260003600178082001100214084001700225020001800242600002700260990000900287990000900296INLIS00000000000004820251020094251 a0010-10250000341 aPedoman Budidaya Lele Dumbo /cTim Karya Tani Mandiri0 aTim Karya Tani Mandiri a1. avi + 162 hlm. ;c19,5 cm. aBandung :bNuansa Aulia,c2009. a639.64 a639.64 TIM p a9789790710412 4aTim Karya Tani Mandiri a1637 a1638